Loading...
Ancient History and Archaeology | 2 | 20.00 | 100% | 50% | 50% |
Beliefs | 8 | 12.50 | 88% | 25% | 13% |
British and Commonwealth History | 2 | 15.00 | 100% | 50% | 0% |
Current Events | 2 | 25.00 | 100% | 100% | 50% |
Fine Arts - Auditory Fine Arts | 4 | 10.00 | 75% | 25% | 0% |
Fine Arts - Visual Fine Arts | 6 | 13.33 | 83% | 33% | 17% |
History - American History | 4 | 7.50 | 75% | 0% | 0% |
History - European History | 2 | 25.00 | 100% | 100% | 50% |
History - World History | 2 | 20.00 | 100% | 100% | 0% |
Literature - American Literature | 4 | 7.50 | 75% | 0% | 0% |
Literature - British Literature | 3 | 6.67 | 67% | 0% | 0% |
Literature - European Literature | 6 | 11.67 | 83% | 0% | 33% |
Other Academic | 1 | 20.00 | 100% | 0% | 100% |
Other Arts: Auditory | 2 | 15.00 | 100% | 50% | 0% |
Other Arts: Visual | 5 | 20.00 | 100% | 80% | 20% |
Other Science: Computer Science | 1 | 10.00 | 100% | 0% | 0% |
Other Science: Earth Science | 2 | 10.00 | 50% | 50% | 0% |
Other Science: Math | 1 | 20.00 | 0% | 100% | 100% |
Philosophy | 3 | 13.33 | 100% | 33% | 0% |
Science - Biology | 5 | 16.00 | 100% | 40% | 20% |
Science - Chemistry | 6 | 16.67 | 100% | 50% | 17% |
Science - Physics | 3 | 13.33 | 67% | 33% | 33% |
Social Science | 6 | 18.33 | 100% | 67% | 17% |
World and Other Literature | 4 | 12.50 | 100% | 25% | 0% |